Contratacin̤ Pb︢lica. Anl̀isis normativo Descripcin̤ de procedimientos /

Bibliographic Details
Main Author: Pachn̤ Lucas, Carlos
Format: eBook
Language:Spanish
Published: Bogot:̀ ECOE, 2014
Subjects:
Online Access:Acceso restringido

MARC

LEADER 00000nam a22000007a 4500
005 2016120507407.0
007 cr|||| ||||
008 161205s2014 co |||||s|||| 00||0 spa d
020 |a 978-958-771-096-0 
035 |a 14503 
040 |a vLex 
090 |c 6429  |d 6429 
100 1 |a Pachn̤ Lucas, Carlos 
245 1 0 |a Contratacin̤ Pb︢lica. Anl̀isis normativo  |h [Recurso electrn̤ico] :  |b Descripcin̤ de procedimientos /  |c Carlos Pachn̤ Lucas 
256 |a Servicio en ln̕ea 
260 |a Bogot:̀  |b ECOE,  |c 2014 
300 |a 1 recurso electrn̤ico 
500 |a Edicin̤ actualizada que orienta la aplicacin̤ de las normas, instructivos y tčnicas para una acertada administracin̤ de los procesos de contratacin̤ pb︢lica. Ofrece un resumen de los documentos expedidos por la nueva autoridad, “Colombia Compra Eficiente”, para facilitar su comprensin̤ y adecuada aplicacin̤. Compila las leyes que conforman el Estatuto General de la Contratacin̤ Pb︢lica, normas complementarias relevantes y el reglamento general, con todas sus modificaciones y concordancias, resm︢enes de jurisprudencia, explicaciones y comentarios puntuales. Presenta en forma descriptiva el “paso a paso” del procedimiento en los modos de seleccin̤ de los contratistas. Realiza un anl̀isis crt̕ico, objetivo, propositivo, de los temas de mayor controversia sobre la materia. Útil en los despachos de los funcionarios operadores de la contratacin̤; para los contratistas, los empresarios y particulares interesados en participar como proveedores de bienes y servicios al Estado. En la formacin̤ universitaria, el texto es un conjunto de md̤ulos acadm̌icos. 
506 1 |a Disponible solo en los productos indicados  |d vLex Global  |d vLex Global (Academic Edition, excluding Law Schools)  |d vLex Global (U.S. Academic Edition, Law Schools)  |d vLex Global (U.S. Academic Edition, excluding Law Schools)  |d vLex Global (Academic Edition, Law Schools) 
650 0 4 |a Derecho Mercantil y de la Empresa  |z Colombia 
740 0 |a vLex Libros (Servicio en ln̕ea) 
856 4 0 |u http://vlex.com/source/contratacion-publica-analisis-normativo-descripcion-de-procedimientos-14503  |z Acceso restringido 
942 |c BOOK 
999 0 |a Commercial and Company Law